Norwich City (2015) Play-Off Final XI - Statistics

General Stats
  • This quiz has been taken 10 times
  • The average score is 12 of 15
Answer Stats
Answer % Correct
Cameron Jerome
100%
Jonny Howson
89%
Russell Martin
89%
Steven Whittaker
89%
Wes Hoolahan
89%
Alexander Tettey
78%
Alex Neil
78%
Bradley Johnson
78%
John Ruddy
78%
Martin Olsson
78%
Nathan Redmond
78%
Sébastien Bassong
78%
Graham Dorrans
67%
Lewis Grabban
67%
Gary O'Neil
56%
No matching quizzes found
Score Distribution
Percent of People with Each Score
Percentile by Number Answered
Your Score History
You have not taken this quiz